003600000a220010900045001000027000002450031000273000054000587730023001129420008001359520090001439990017002331 aDuque Zuñiga, José10aEclesialidad de la iglesia aVol. 15, Num 2 (Noviembre, 1995), Páginas 49-610 tVida y pensamiento cANA 001040708HEMaFUSBCbFUSBCd2016-01-26l0o r2016-01-26 00:00:00w2016-01-26yANA c53061d53061